00215nam a2200085 a 450000500170000000800410001724500460005826000120010404000130011620200930070120.0110823s2004 000 spa d 0aLe malattie della manioca in San Domingo. c[s.f.]. aDO-SdBNP